[Event "YUG-chT"]
[Site "Herceg Novi"]
[Date "2001.05.??"]
[Round "8"]
[White "Nikcevic, Nebojsa"]
[Black "Velimirovic, Dragoljub"]
[Result "0-1"]
[WhiteElo "2473"]
[BlackElo "2484"]
[PlyCount "70"]
[EventDate "2001.05.??"]
[EventType "team"]
[EventRounds "11"]
[EventCountry "YUG"]
[Source "ChessBase"]
[SourceDate "2001.07.03"]
[WhiteTeamCountry "YUG"]
[BlackTeamCountry "YUG"]

1. Nf3 c5 2. c4 g6 3. d4 Bg7 4. e4 d6 5. Be2 Bg4 6. d5 Nf6 7. Nc3 O-O 8. O-O
Na6 9. h3 Bxf3 10. Bxf3 Nc7 11. Be2 e6 12. Bd3 exd5 13. exd5 Nd7 14. Bd2 a6 15.
a4 f5 16. f4 Bd4+ 17. Kh2 Qf6 18. a5 Rab8 19. Ra2 Rfe8 20. Qf3 Re7 21. Ne2 Rbe8
22. Nxd4 cxd4 23. b4 Qh4 24. c5 Re3 25. Bxe3 Rxe3 26. Qd1 Qg3+ 27. Kh1 Rxd3 28.
Qa4 Nb5 29. c6 bxc6 30. dxc6 Nf8 31. Rfa1 Ne6 32. Qc2 Rc3 33. Qe2 Qe3 34. Qf1
Qxf4 35. Rf2 Qe4 0-1

[Event "YUG-chT"]
[Site "Herceg Novi"]
[Date "2001.05.??"]
[Round "9"]
[White "Velimirovic, Dragoljub"]
[Black "Hracek, Zbynek"]
[Result "0-1"]
[WhiteElo "2484"]
[BlackElo "2602"]
[PlyCount "92"]
[EventDate "2001.05.??"]
[EventType "team"]
[EventRounds "11"]
[EventCountry "YUG"]
[Source "ChessBase"]
[SourceDate "2001.07.03"]
[WhiteTeamCountry "YUG"]
[BlackTeamCountry "YUG"]

1. e4 e5 2. Nf3 Nc6 3. Bb5 Nf6 4. O-O Nxe4 5. d4 Nd6 6. Bxc6 dxc6 7. dxe5 Nf5
8. Qxd8+ Kxd8 9. Rd1+ Ke8 10. Nc3 h6 11. Ne2 Ne7 12. h3 Ng6 13. b3 Bf5 14. Ned4
Bd7 15. Re1 Bb4 16. Bd2 Bxd2 17. Nxd2 c5 18. Ne2 b6 19. f4 h5 20. Nf1 h4 21.
Ne3 Ne7 22. Rad1 Rh5 23. Kf2 Bc6 24. c4 Rd8 25. Rxd8+ Kxd8 26. Rd1+ Kc8 27. Nc3
Ng6 28. Ne2 a5 29. Nd5 Kb7 30. a4 Kc8 31. Ke3 Rh8 32. Ke4 Re8 33. Nec3 Nf8 34.
Kf3 Ne6 35. Ne2 Bd7 36. f5 Nd8 37. f6 gxf6 38. exf6 Nc6 39. Rd3 Ne5+ 40. Ke3
Nxd3+ 41. Kxd3 Bf5+ 42. Kd2 Be4 43. Ne7+ Kd7 44. g4 hxg3 45. Nxg3 Bg2 46. h4
Rh8 0-1

[Event "YUG-chT"]
[Site "Herceg Novi"]
[Date "2001.05.??"]
[Round "10"]
[White "Svetushkin, Dmitry"]
[Black "Velimirovic, Dragoljub"]
[Result "0-1"]
[WhiteElo "2493"]
[BlackElo "2484"]
[PlyCount "72"]
[EventDate "2001.05.??"]
[EventType "team"]
[EventRounds "11"]
[EventCountry "YUG"]
[Source "ChessBase"]
[SourceDate "2001.07.03"]
[WhiteTeamCountry "YUG"]
[BlackTeamCountry "YUG"]

1. e4 c5 2. d3 Nc6 3. g3 h5 4. Bg2 d6 5. f4 Bg4 6. Qd2 h4 7. h3 Bd7 8. g4 e5 9.
f5 Nf6 10. Nc3 Qa5 11. Nf3 Nd4 12. O-O Be7 13. Qf2 Bc6 14. a3 Nh7 15. Rb1 Qd8
16. Nxd4 cxd4 17. Ne2 Bb5 18. Rd1 Rc8 19. c3 O-O 20. cxd4 Rc2 21. Rd2 Rxd2 22.
Bxd2 Bxd3 23. Re1 Bxe2 24. Rxe2 Bg5 25. dxe5 dxe5 26. Bc3 Bf4 27. Kh1 b6 28.
Qf1 Ng5 29. Re1 Qc8 30. Kg1 Rd8 31. Qe2 Qc6 32. Rf1 Rd6 33. Rd1 Nxe4 34. Bxe4
Rxd1+ 35. Qxd1 Qxe4 36. Qd8+ Kh7 0-1

[Event "YUG-chT playoff"]
[Site "Herceg Novi"]
[Date "2001.05.25"]
[Round "1.1"]
[White "Antic, Dejan"]
[Black "Velimirovic, Dragoljub"]
[Result "0-1"]
[WhiteElo "2485"]
[BlackElo "2484"]
[PlyCount "66"]
[EventDate "2001.05.25"]
[EventType "team"]
[EventRounds "4"]
[EventCountry "YUG"]
[Source "ChessBase"]
[SourceDate "2001.07.03"]
[WhiteTeamCountry "YUG"]
[BlackTeamCountry "YUG"]

1. d4 c5 2. d5 Nf6 3. c4 g6 4. Nc3 Bg7 5. e4 d6 6. Nf3 O-O 7. Bd3 e5 8. h3 Nh5
9. g3 Nd7 10. Bg5 f6 11. Bd2 a6 12. Qe2 Rf7 13. Nh4 Qf8 14. Ng2 Bh6 15. Ne3 Kh8
16. O-O-O Nb6 17. Kb1 Bd7 18. b3 Rb8 19. Be1 Na8 20. Nf5 Nf4 21. gxf4 gxf5 22.
fxe5 fxe5 23. exf5 Nc7 24. Ne4 Bxf5 25. Bc3 Bxe4 26. Qxe4 b5 27. Ka1 Qe7 28. f3
Qf6 29. Rhg1 bxc4 30. bxc4 Qxf3 31. Qh4 Be3 32. Rgf1 Bd4 33. Bxd4 Qxd3 0-1

[Event "YUG-chT playoff"]
[Site "Herceg Novi"]
[Date "2001.05.26"]
[Round "1.2"]
[White "Velimirovic, Dragoljub"]
[Black "Antic, Dejan"]
[Result "1-0"]
[WhiteElo "2484"]
[BlackElo "2485"]
[PlyCount "95"]
[EventDate "2001.05.25"]
[EventType "team"]
[EventRounds "4"]
[EventCountry "YUG"]
[Source "ChessBase"]
[SourceDate "2001.07.03"]
[WhiteTeamCountry "YUG"]
[BlackTeamCountry "YUG"]

1. e4 e6 2. d4 d5 3. Nc3 Nf6 4. e5 Nfd7 5. f4 c5 6. Nf3 Nc6 7. Ne2 Qb6 8. c3 f6
9. a3 Be7 10. Ng3 cxd4 11. cxd4 O-O 12. Bd3 fxe5 13. fxe5 Rxf3 14. gxf3 Nxd4
15. f4 Nb3 16. Rb1 Nxc1 17. Qxc1 Nc5 18. Bc2 Bd7 19. Qe3 Bb5 20. Rd1 Rc8 21.
Bb1 a5 22. f5 Bh4 23. Qd4 Nd3+ 24. Rxd3 Rc1+ 25. Kf2 Qxd4+ 26. Rxd4 Rxh1 27.
Rxh4 Rxb1 28. fxe6 Rxb2+ 29. Ke3 g6 30. Kd4 b6 31. e7 Rd2+ 32. Ke3 Rd3+ 33. Kf2
Rd2+ 34. Ke1 Rd3 35. a4 Bd7 36. Ke2 Rc3 37. e6 Be8 38. Rf4 Kg7 39. Rf8 Rc8 40.
Ke3 Rc6 41. Kd4 Rxe6 42. Rxe8 Kf7 43. Kxd5 Re1 44. Rh8 Kxe7 45. Rxh7+ Kf8 46.
Ne4 Rb1 47. Ke6 b5 48. Rf7+ 1-0

[Event "YUG-chT playoff"]
[Site "Herceg Novi"]
[Date "2001.05.27"]
[Round "2.1"]
[White "Markovic, Miroslav"]
[Black "Velimirovic, Dragoljub"]
[Result "1-0"]
[WhiteElo "2539"]
[BlackElo "2484"]
[PlyCount "87"]
[EventDate "2001.05.25"]
[EventType "team"]
[EventRounds "4"]
[EventCountry "YUG"]
[Source "ChessBase"]
[SourceDate "2001.07.03"]
[WhiteTeamCountry "YUG"]
[BlackTeamCountry "YUG"]

1. Nf3 Nf6 2. c4 g6 3. Nc3 Bg7 4. g3 O-O 5. Bg2 d6 6. O-O Nc6 7. d3 e5 8. Rb1
a5 9. a3 Re8 10. Ne1 Nd4 11. e3 Nf5 12. Nc2 c6 13. e4 Nd4 14. Nxd4 exd4 15. Ne2
d5 16. exd5 cxd5 17. c5 Qe7 18. Nxd4 Qxc5 19. Be3 Ng4 20. Rc1 Nxe3 21. fxe3 Qe7
22. Kh1 Qxe3 23. Nb5 Bf5 24. Nc7 Bh6 25. Nxa8 Qxc1 26. Qxc1 Bxc1 27. Nc7 Re2
28. Rxc1 d4 29. Nd5 Kg7 30. b4 Ra2 31. Be4 Bg4 32. Nc7 Rxa3 33. bxa5 Rxa5 34.
Ne8+ Kf8 35. Nd6 b6 36. Kg1 Be6 37. Rb1 f5 38. Bf3 Ra3 39. Be2 Ra2 40. Kf1 g5
41. Rxb6 Ke7 42. Nc4 Ra1+ 43. Kf2 h6 44. Ne5 1-0

[Event "YUG-chT playoff"]
[Site "Herceg Novi"]
[Date "2001.05.28"]
[Round "2.2"]
[White "Velimirovic, Dragoljub"]
[Black "Markovic, Miroslav"]
[Result "1-0"]
[WhiteElo "2484"]
[BlackElo "2539"]
[PlyCount "77"]
[EventDate "2001.05.25"]
[EventType "team"]
[EventRounds "4"]
[EventCountry "YUG"]
[Source "ChessBase"]
[SourceDate "2001.07.03"]
[WhiteTeamCountry "YUG"]
[BlackTeamCountry "YUG"]

1. e4 c6 2. d4 Na6 3. Nc3 Nc7 4. Bd3 g6 5. Nce2 Bg7 6. c3 d6 7. f4 d5 8. e5 h5
9. Nf3 Bg4 10. f5 gxf5 11. Ng3 e6 12. h3 Bxf3 13. Qxf3 h4 14. Nh5 Bh6 15. Nf4
Qe7 16. a4 O-O-O 17. b3 Rh7 18. Ba3 Qg5 19. Bc1 Qg7 20. O-O Bg5 21. b4 Qh6 22.
b5 Ne7 23. Rb1 Rg8 24. Kh1 Ng6 25. bxc6 bxc6 26. Ne2 Bxc1 27. Rfxc1 Ne7 28. c4
Kd7 29. cxd5 Nexd5 30. Bc4 Ne7 31. Qa3 Nc8 32. Bb5 cxb5 33. Qc5 Nd5 34. Qxb5+
Kd8 35. Qb8 Nde7 36. Rb7 Qg5 37. Nf4 Rgh8 38. Rcc7 Qxf4 39. Rxc8+ 1-0

[Event "Savic Mauzer Memorial"]
[Site "Bijeljina"]
[Date "2001.06.16"]
[Round "1"]
[White "Velimirovic, Dragoljub"]
[Black "Milu, Romeo Sorin"]
[Result "1/2-1/2"]
[WhiteElo "2484"]
[BlackElo "2433"]
[PlyCount "120"]
[EventDate "2001.06.16"]
[EventType "tourn"]
[EventRounds "9"]
[EventCountry "YUG"]
[EventCategory "6"]
[Source "ChessBase"]
[SourceDate "2001.11.25"]
[WhiteTeamCountry "YUG"]
[BlackTeamCountry "YUG"]

1. e4 c5 2. Nf3 d6 3. d4 cxd4 4. Nxd4 Nf6 5. Nc3 g6 6. Be3 Bg7 7. f3 O-O 8. Qd2
Nc6 9. O-O-O d5 10. Kb1 Nxd4 11. Bxd4 dxe4 12. Qe1 Qc7 13. fxe4 Be6 14. Nd5
Bxd5 15. exd5 Rfd8 16. c4 b5 17. Rc1 bxc4 18. Bxc4 Qf4 19. Be5 Qf5+ 20. Ka1
Nxd5 21. Bxg7 Kxg7 22. Rf1 Qd7 23. Bxd5 Qxd5 24. Qxe7 Rd7 25. Qf6+ Kg8 26. g4
Re8 27. a3 Qe6 28. g5 Qxf6 29. gxf6 h5 30. Rf2 Kh7 31. Rc6 Re5 32. b4 g5 33.
Kb2 Kg6 34. Rc8 g4 35. Rg8+ Kh7 36. Rg7+ Kh6 37. h3 Rg5 38. hxg4 Rxg4 39. Rf5
Rg6 40. Re5 Rxf6 41. Rgg5 Rf2+ 42. Kb3 Rh2 43. Rgf5 Rd3+ 44. Ka4 Rhh3 45. Rxf7
Rxa3+ 46. Kb5 Rhf3 47. Re6+ Kg5 48. Rg7+ Kh4 49. Re4+ Kh3 50. Rg5 a6+ 51. Kc5
Rac3+ 52. Kd4 Rfd3+ 53. Ke5 Rc8 54. Rxh5+ Kg3 55. Rg5+ Kf3 56. Rf5+ Kg3 57. Rf6
a5 58. Rg6+ Kf3 59. Rf6+ Kg3 60. Rg6+ Kf3 1/2-1/2

[Event "Savic Mauzer Memorial"]
[Site "Bijeljina"]
[Date "2001.06.18"]
[Round "3"]
[White "Velimirovic, Dragoljub"]
[Black "Sekulic, Vlatko"]
[Result "1-0"]
[WhiteElo "2484"]
[BlackElo "2305"]
[PlyCount "65"]
[EventDate "2001.06.16"]
[EventType "tourn"]
[EventRounds "9"]
[EventCountry "YUG"]
[EventCategory "6"]
[Source "ChessBase"]
[SourceDate "2001.11.25"]
[WhiteTeamCountry "YUG"]
[BlackTeamCountry "YUG"]

1. e4 e5 2. Nf3 d6 3. d4 Nf6 4. dxe5 Nxe4 5. Qd5 Nc5 6. Bg5 Be7 7. exd6 Qxd6 8.
Nc3 O-O 9. O-O-O Qxd5 10. Nxd5 Bd6 11. Be7 Bxe7 12. Nxe7+ Kh8 13. Nxc8 Rxc8 14.
Ne5 f6 15. Nf7+ Kg8 16. Nd8 Nc6 17. Bc4+ Kf8 18. Nxc6 bxc6 19. b4 Na4 20. Rd7
Nb6 21. Rf7+ Kg8 22. Be6 Re8 23. Bb3 Nd5 24. Rxc7 Kf8 25. Bxd5 cxd5 26. Rd1 Re2
27. Rd2 Re1+ 28. Kb2 Re5 29. Kc3 a5 30. b5 Rb8 31. a4 Re4 32. Rd4 Re2 33. Rxd5
1-0

[Event "Savic Mauzer Memorial"]
[Site "Bijeljina"]
[Date "2001.06.19"]
[Round "4"]
[White "Velimirovic, Dragoljub"]
[Black "Rosic, Slavko S"]
[Result "1/2-1/2"]
[WhiteElo "2484"]
[BlackElo "2302"]
[PlyCount "89"]
[EventDate "2001.06.16"]
[EventType "tourn"]
[EventRounds "9"]
[EventCountry "YUG"]
[EventCategory "6"]
[Source "ChessBase"]
[SourceDate "2001.11.25"]
[WhiteTeamCountry "YUG"]
[BlackTeamCountry "YUG"]

1. e4 c6 2. d4 d5 3. exd5 cxd5 4. c4 Nf6 5. Nc3 e6 6. Nf3 Nc6 7. c5 Be7 8. a3
Ne4 9. Qc2 f5 10. Bb5 Bf6 11. Bf4 O-O 12. Bxc6 bxc6 13. Be5 Ba6 14. Bxf6 gxf6
15. Rg1 Qb8 16. g3 Bd3 17. Qc1 Kh8 18. Nd1 Qb3 19. Nh4 Ng5 20. Qc3 Rab8 21. Rc1
Qb5 22. f3 Be2 23. Rg2 Bxd1 24. Rxd1 Qa4 25. Rd3 Rf7 26. Kd2 Rfb7 27. Kc1 Qa6
28. b4 Qb5 29. Rb2 a5 30. Rdd2 Qf1+ 31. Rd1 Qa6 32. Rdd2 axb4 33. Rxb4 Rxb4 34.
axb4 Qa4 35. Rb2 Qa1+ 36. Kc2 Qf1 37. Qd3 Qf2+ 38. Qd2 Qf1 39. Qd3 Qf2+ 40. Kc3
Qe1+ 41. Qd2 Qf1 42. Qd3 Qc1+ 43. Qc2 Qe3+ 44. Qd3 Qc1+ 45. Qc2 1/2-1/2

[Event "Savic Mauzer Memorial"]
[Site "Bijeljina"]
[Date "2001.06.20"]
[Round "5"]
[White "Cosma, Ioan"]
[Black "Velimirovic, Dragoljub"]
[Result "0-1"]
[WhiteElo "2467"]
[BlackElo "2484"]
[PlyCount "90"]
[EventDate "2001.06.16"]
[EventType "tourn"]
[EventRounds "9"]
[EventCountry "YUG"]
[EventCategory "6"]
[Source "ChessBase"]
[SourceDate "2001.11.25"]
[WhiteTeamCountry "YUG"]
[BlackTeamCountry "YUG"]

1. d4 c5 2. d5 Nf6 3. Nf3 g6 4. Nc3 Bg7 5. e4 d6 6. Be2 Na6 7. O-O Nc7 8. a4
O-O 9. h3 b6 10. Re1 Bb7 11. Bf4 a6 12. Bc4 Qd7 13. Qd3 Nh5 14. Bg5 h6 15. Bd2
e5 16. Rab1 Nf4 17. Bxf4 exf4 18. b4 Ra7 19. bxc5 bxc5 20. a5 Qd8 21. Na4 Bc8
22. Nb6 Re8 23. Nxc8 Qxc8 24. Rb6 Qd8 25. Qd2 g5 26. Bd3 Nb5 27. Bxb5 axb5 28.
Rxb5 Qc7 29. c4 Ra6 30. Kh2 Rea8 31. Reb1 Qd8 32. e5 dxe5 33. Qe1 Qe7 34. Qe4
Rf8 35. Rb7 Qe8 36. R1b6 Rxb6 37. axb6 f5 38. Qb1 e4 39. Rxg7+ Kxg7 40. Qb2+
Kh7 41. Ne5 e3 42. Kg1 Qe7 43. Kf1 Re8 44. Nc6 Qe4 45. b7 exf2 0-1

[Event "Savic Mauzer Memorial"]
[Site "Bijeljina"]
[Date "2001.06.22"]
[Round "7"]
[White "Puric, Nenad"]
[Black "Velimirovic, Dragoljub"]
[Result "0-1"]
[WhiteElo "2200"]
[BlackElo "2484"]
[PlyCount "64"]
[EventDate "2001.06.16"]
[EventType "tourn"]
[EventRounds "9"]
[EventCountry "YUG"]
[EventCategory "6"]
[Source "ChessBase"]
[SourceDate "2001.11.25"]
[WhiteTeamCountry "YUG"]
[BlackTeamCountry "YUG"]

1. d4 c5 2. e3 Nf6 3. Nf3 b6 4. g3 Bb7 5. Bg2 g6 6. O-O Bg7 7. b3 O-O 8. Bb2 d6
9. c4 Nbd7 10. d5 b5 11. Nbd2 Rb8 12. Qc2 Ba6 13. Rfc1 bxc4 14. bxc4 Nb6 15.
Rab1 Qd7 16. Ba1 Rbe8 17. e4 e5 18. dxe6 Qxe6 19. a4 Nbd7 20. Re1 Ng4 21. Bxg7
Kxg7 22. Bh3 h5 23. Qc3+ Kg8 24. Rec1 Rb8 25. Qa5 Rxb1 26. Rxb1 Bxc4 27. Qxa7
Bd3 28. Rb7 Nde5 29. Nxe5 Qxe5 30. Bxg4 hxg4 31. Qb6 Qa1+ 32. Kg2 Qxa4 0-1

[Event "Savic Mauzer Memorial"]
[Site "Bijeljina"]
[Date "2001.06.23"]
[Round "8"]
[White "Velimirovic, Dragoljub"]
[Black "Ianov, Viktor"]
[Result "1-0"]
[WhiteElo "2484"]
[BlackElo "2386"]
[PlyCount "160"]
[EventDate "2001.06.16"]
[EventType "tourn"]
[EventRounds "9"]
[EventCountry "YUG"]
[EventCategory "6"]
[Source "ChessBase"]
[SourceDate "2001.11.25"]
[WhiteTeamCountry "YUG"]
[BlackTeamCountry "YUG"]

1. e4 g6 2. d4 Bg7 3. Nc3 c6 4. Bc4 d6 5. Qf3 e6 6. Nge2 Nd7 7. Bf4 Qe7 8. Qg3
e5 9. Bg5 Ngf6 10. d5 h6 11. Be3 Nb6 12. Bb3 c5 13. a4 a6 14. a5 Nbd7 15. Qf3
h5 16. h3 Bh6 17. Bxh6 Rxh6 18. Ba4 h4 19. Qe3 Rh8 20. O-O Kf8 21. Rab1 Kg7 22.
Bxd7 Bxd7 23. b4 c4 24. f4 Rac8 25. fxe5 dxe5 26. Qb6 Be8 27. Rf3 Nh5 28. Rbf1
Qc7 29. Qf2 Qe7 30. b5 Qc5 31. bxa6 bxa6 32. Rb1 Qxa5 33. Qxh4 Qc7 34. Qf2 Kg8
35. Qb6 a5 36. Qxc7 Rxc7 37. Rb8 Kg7 38. Ra8 Rc5 39. Ra6 g5 40. Ng3 Nxg3 41.
Rxg3 f6 42. Rf3 Rf8 43. Rf1 Bg6 44. Rb1 g4 45. hxg4 Kh6 46. Kf2 Kg5 47. Rbb6
Rc7 48. Kf3 Rh7 49. Nd1 Rh1 50. Ne3 Ra1 51. Rc6 Ra3 52. Rxc4 Rb8 53. d6 Rd8 54.
Rc7 Ra4 55. Rc4 Ra3 56. Rc5 a4 57. Rd5 Be8 58. Ra7 Bd7 59. Rd3 Rxd3 60. cxd3
Kg6 61. Kg3 Kg5 62. Kf3 Kg6 63. Ke2 Kg5 64. Kd2 Kf4 65. Nd5+ Kg5 66. Nb6 Be6
67. d7 Kg6 68. d4 exd4 69. Rxa4 Kf7 70. Rxd4 Bxg4 71. Ke3 Ke6 72. Kf4 Be2 73.
Rd5 Ba6 74. Rc5 Bf1 75. g3 Be2 76. Rc8 Ke7 77. Kf5 Bb5 78. Rxd8 Kxd8 79. Kxf6
Kc7 80. Ke7 Bxd7 1-0

[Event "Savic Mauzer Memorial"]
[Site "Bijeljina"]
[Date "2001.06.24"]
[Round "9"]
[White "Stojanovic, Dalibor"]
[Black "Velimirovic, Dragoljub"]
[Result "0-1"]
[WhiteElo "2360"]
[BlackElo "2484"]
[PlyCount "64"]
[EventDate "2001.06.16"]
[EventType "tourn"]
[EventRounds "9"]
[EventCountry "YUG"]
[EventCategory "6"]
[Source "ChessBase"]
[SourceDate "2001.11.25"]
[WhiteTeamCountry "YUG"]
[BlackTeamCountry "YUG"]

1. e4 c5 2. Nf3 Nc6 3. d4 cxd4 4. Nxd4 g6 5. c4 Bg7 6. Be3 Nf6 7. Nc3 d6 8. Be2
O-O 9. O-O Nd7 10. Rb1 a5 11. b3 Nc5 12. Qd2 Bd7 13. Rfd1 b6 14. f3 Nxd4 15.
Bxd4 Bc6 16. Bxg7 Kxg7 17. Nd5 Ra7 18. Qe3 e5 19. f4 exf4 20. Qxf4 Re8 21. Bf3
Re5 22. Nc3 Rae7 23. Rd2 R7e6 24. Rbd1 Qe7 25. Rd4 Nxe4 26. Bxe4 Bxe4 27. h3
Bxg2 28. Kxg2 Rg5+ 29. Kh2 Re2+ 30. Kh1 Re3 31. R4d2 Rxc3 32. Qd4+ Qe5 0-1

[Event "Patras op 3rd"]
[Site "Patras"]
[Date "2001.07.19"]
[Round "2"]
[White "Blaho, Stefan"]
[Black "Velimirovic, Dragoljub"]
[Result "0-1"]
[WhiteElo "2158"]
[BlackElo "2507"]
[PlyCount "138"]
[EventDate "2001.07.18"]
[EventType "swiss"]
[EventRounds "9"]
[EventCountry "GRE"]
[Source "ChessBase"]
[SourceDate "2001.09.11"]
[WhiteTeamCountry "YUG"]
[BlackTeamCountry "YUG"]

1. d4 Nf6 2. c4 c5 3. Nf3 g6 4. Nc3 cxd4 5. Nxd4 Nc6 6. e3 Bg7 7. Be2 O-O 8.
O-O d6 9. b3 Nd7 10. Bb2 Nc5 11. Qd2 Bd7 12. Rad1 a5 13. Nd5 Nb4 14. Ba1 Ne4
15. Qb2 Nxd5 16. cxd5 Rc8 17. Bd3 Nc5 18. Bb1 b5 19. Qe2 Qb6 20. Bb2 b4 21.
Rfe1 Rc7 22. Kh1 Bc8 23. f4 Ba6 24. Qf3 Bb7 25. e4 e5 26. Ne2 exf4 27. Bxg7
Kxg7 28. Nxf4 Re7 29. Rf1 Nd7 30. Qg3 Kh8 31. Qh4 Re5 32. Ne6 fxe6 33. Rxf8+
Nxf8 34. Qf6+ Kg8 35. Rf1 Rf5 36. exf5 exf5 37. Re1 Qf2 38. Rg1 Qf4 39. Bd3
Bxd5 40. h3 Qg3 41. Bxf5 gxf5 42. Qxf5 Qe5 43. Rf1 Ng6 44. Qf6 Qg3 45. Rf2
Qxh3+ 46. Kg1 Qe6 47. Qxe6+ Bxe6 48. Rd2 d5 49. Rc2 Ne7 50. Rc5 Kf7 51. Rxa5
Bd7 52. Kf2 Ke6 53. a4 bxa3 54. Rxa3 Kd6 55. Ke3 Bb5 56. Ra1 Be8 57. Ra6+ Kc5
58. Re6 Nf5+ 59. Kf4 Bg6 60. Re5 Nd4 61. b4+ Kc4 62. g4 Nc6 63. Re6 Nxb4 64.
Kg5 d4 65. Kf4 d3 66. Ke3 Kc3 67. Rd6 Nc2+ 68. Kf2 Kd2 69. g5 Kc1 0-1

[Event "Patras op 3rd"]
[Site "Patras"]
[Date "2001.07.20"]
[Round "3"]
[White "Velimirovic, Dragoljub"]
[Black "Kalesis, Nikolaos"]
[Result "1/2-1/2"]
[WhiteElo "2507"]
[BlackElo "2398"]
[PlyCount "42"]
[EventDate "2001.07.18"]
[EventType "swiss"]
[EventRounds "9"]
[EventCountry "GRE"]
[Source "ChessBase"]
[SourceDate "2001.09.11"]
[WhiteTeamCountry "YUG"]
[BlackTeamCountry "YUG"]

1. e4 c5 2. Nf3 e6 3. d4 cxd4 4. Nxd4 a6 5. c4 d6 6. Nc3 g6 7. Nf3 Bg7 8. Bf4
Bxc3+ 9. bxc3 e5 10. Bc1 Nf6 11. Bd3 Nbd7 12. O-O O-O 13. Bg5 Qc7 14. Nh4 Kg7
15. Qd2 Ng8 16. Rae1 Nc5 17. Bb1 Be6 18. Nf5+ gxf5 19. Bh6+ Nxh6 20. Qg5+ Kh8
21. Qf6+ Kg8 1/2-1/2

[Event "Patras op 3rd"]
[Site "Patras"]
[Date "2001.07.21"]
[Round "4"]
[White "Kusnetsov, Kiril"]
[Black "Velimirovic, Dragoljub"]
[Result "0-1"]
[WhiteElo "2143"]
[BlackElo "2507"]
[PlyCount "96"]
[EventDate "2001.07.18"]
[EventType "swiss"]
[EventRounds "9"]
[EventCountry "GRE"]
[Source "ChessBase"]
[SourceDate "2001.09.11"]
[WhiteTeamCountry "YUG"]
[BlackTeamCountry "YUG"]

1. e4 c5 2. c3 e6 3. d4 d5 4. exd5 exd5 5. Be3 cxd4 6. Bxd4 a6 7. Nf3 Nc6 8.
Be2 Nxd4 9. Nxd4 Nf6 10. Nd2 Bd6 11. Qc2 O-O 12. O-O Bc7 13. Rad1 Qd6 14. g3
Qd7 15. Rfe1 Qh3 16. Bf1 Qh5 17. Bg2 Bg4 18. N4f3 Rae8 19. Rxe8 Rxe8 20. Rf1 h6
21. Nd4 Bb6 22. N2f3 Bc5 23. a3 Re7 24. Qc1 Qg6 25. h3 Bd7 26. Re1 Ne4 27. Qd1
Qf6 28. Re3 g5 29. Qe1 h5 30. Nd2 h4 31. Nxe4 dxe4 32. Rxe4 hxg3 33. fxg3 Rxe4
34. Qxe4 Bd6 35. g4 Bf4 36. Bf1 Bc1 37. b4 Bd2 38. Qd3 Qf4 39. Bg2 Be3+ 40. Kh1
Qf2 41. Qf1 Qd2 42. Nf5 Bf4 43. Ne7+ Kg7 44. Nd5 Be5 45. Nb6 Bc6 46. c4 Bxg2+
47. Qxg2 Qd1+ 48. Qg1 Qxg1+ 0-1

[Event "Patras op 3rd"]
[Site "Patras"]
[Date "2001.07.23"]
[Round "6"]
[White "Nikolaidis, Konstantinos"]
[Black "Velimirovic, Dragoljub"]
[Result "1-0"]
[WhiteElo "2354"]
[BlackElo "2507"]
[PlyCount "63"]
[EventDate "2001.07.18"]
[EventType "swiss"]
[EventRounds "9"]
[EventCountry "GRE"]
[Source "ChessBase"]
[SourceDate "2001.09.11"]
[WhiteTeamCountry "YUG"]
[BlackTeamCountry "YUG"]

1. e4 c5 2. c3 e6 3. d4 d5 4. exd5 exd5 5. Nf3 Nc6 6. Bb5 Nf6 7. O-O cxd4 8.
Nxd4 Bd7 9. Re1+ Be7 10. a4 O-O 11. Bf4 Re8 12. Nb3 a6 13. Bd3 Bg4 14. Be2 Bf5
15. Na3 Bxa3 16. Rxa3 Re4 17. Be3 Qe7 18. Bd3 Bg4 19. Qd2 Re5 20. Raa1 Re8 21.
Rf1 Ne4 22. Qc2 Rh5 23. Rae1 Qh4 24. Bf4 g5 25. Bg3 Nxg3 26. Rxe8+ Kg7 27. fxg3
Qxh2+ 28. Kf2 Bh3 29. Ke1 Bxg2 30. Qf2 Bxf1 31. Bxf1 Qh1 32. Nd4 1-0

[Event "Patras op 3rd"]
[Site "Patras"]
[Date "2001.07.24"]
[Round "7"]
[White "Velimirovic, Dragoljub"]
[Black "Balaskas, Panayotis"]
[Result "1-0"]
[WhiteElo "2507"]
[BlackElo "2187"]
[PlyCount "87"]
[EventDate "2001.07.18"]
[EventType "swiss"]
[EventRounds "9"]
[EventCountry "GRE"]
[Source "ChessBase"]
[SourceDate "2001.09.11"]
[WhiteTeamCountry "YUG"]
[BlackTeamCountry "YUG"]

1. e4 c5 2. Nf3 Nc6 3. d4 cxd4 4. Nxd4 Nf6 5. Nc3 g6 6. Nxc6 bxc6 7. e5 Ng8 8.
Bc4 Qa5 9. O-O Bg7 10. Bf4 Nh6 11. Rb1 O-O 12. b4 Qc7 13. Re1 a5 14. a3 axb4
15. axb4 Ba6 16. Bxa6 Rxa6 17. Qd3 Rfa8 18. Qc4 Qa7 19. h3 Nf5 20. Rbd1 h5 21.
Ne4 Ra3 22. Nc5 d5 23. exd6 exd6 24. Bxd6 Rc3 25. Qe4 Nxd6 26. Rxd6 Rc8 27.
Red1 Qa2 28. Rxc6 Rxc6 29. Qxc6 Rxc2 30. Qe8+ Kh7 31. Ne4 Kh6 32. Nd6 Re2 33.
Qxf7 Qxf7 34. Nxf7+ Kh7 35. b5 Rb2 36. Rd5 Rb1+ 37. Kh2 Rb2 38. Kg3 Bc3 39.
Ng5+ Kg7 40. Ne4 Ba5 41. Kf4 Bc7+ 42. Kg5 Bb6 43. Rd7+ Kf8 44. Kxg6 1-0

[Event "Patras op 3rd"]
[Site "Patras"]
[Date "2001.07.25"]
[Round "8"]
[White "Tzermiadianos, Andreas"]
[Black "Velimirovic, Dragoljub"]
[Result "0-1"]
[WhiteElo "2446"]
[BlackElo "2507"]
[PlyCount "92"]
[EventDate "2001.07.18"]
[EventType "swiss"]
[EventRounds "9"]
[EventCountry "GRE"]
[Source "ChessBase"]
[SourceDate "2001.09.11"]
[WhiteTeamCountry "YUG"]
[BlackTeamCountry "YUG"]

1. e4 c5 2. c3 e6 3. d4 d5 4. exd5 exd5 5. Nf3 Nc6 6. Bb5 cxd4 7. Nxd4 Bd7 8.
O-O Bd6 9. Re1+ Nge7 10. Bg5 O-O 11. Nc2 a6 12. Ba4 Be6 13. Nd2 h6 14. Be3 Qc7
15. Nf1 Nf5 16. Nd4 Nxe3 17. Rxe3 Nxd4 18. cxd4 Rac8 19. Bb3 Qb6 20. Qd3 Bf4
21. Ree1 Bg5 22. Ne3 Rfd8 23. Rad1 Bf6 24. f4 Rc4 25. Nc2 Rc7 26. f5 Bd7 27.
Ne3 Bb5 28. Qd2 Bc4 29. Ng4 Bg5 30. Qc2 Bxb3 31. Qxb3 Qxb3 32. axb3 Rc2 33. g3
Rxb2 34. Rb1 Rxb1 35. Rxb1 h5 36. Nf2 Be3 37. Rd1 Rc8 38. Rd3 Bxf2+ 39. Kxf2
Rc2+ 40. Kg1 Kf8 41. f6 gxf6 42. h4 Kg7 43. Re3 b5 44. b4 Rc4 45. Rb3 Rxd4 46.
Kf2 Kg6 0-1

[Event "Patras op 3rd"]
[Site "Patras"]
[Date "2001.07.26"]
[Round "9"]
[White "Velimirovic, Dragoljub"]
[Black "Genov, Petar"]
[Result "1/2-1/2"]
[WhiteElo "2507"]
[BlackElo "2473"]
[PlyCount "101"]
[EventDate "2001.07.18"]
[EventType "swiss"]
[EventRounds "9"]
[EventCountry "GRE"]
[Source "ChessBase"]
[SourceDate "2001.09.11"]
[WhiteTeamCountry "YUG"]
[BlackTeamCountry "YUG"]

1. e4 c5 2. Nf3 d6 3. d4 cxd4 4. Nxd4 Nf6 5. Nc3 a6 6. Bc4 e6 7. Bb3 Nbd7 8.
Bg5 Nc5 9. Qf3 Be7 10. O-O-O Bd7 11. Rhe1 O-O 12. Qg3 Kh8 13. f4 Rc8 14. Nf3 b5
15. e5 dxe5 16. fxe5 Ng8 17. Ne4 Nxb3+ 18. axb3 Qc7 19. Re2 Bc6 20. Nd6 Bxf3
21. gxf3 Bxd6 22. exd6 Qd7 23. Qg4 Rc6 24. Rg1 f5 25. Qg3 Qxd6 26. Bf4 Qe7 27.
Be5 Rf7 28. Reg2 Nf6 29. Kb1 Rc8 30. Qh4 Ne8 31. Qh6 Kg8 32. Rg3 Nf6 33. Bxf6
Qxf6 34. Qxf6 Rxf6 35. Rxg7+ Kh8 36. Ra7 e5 37. Re7 Rh6 38. Rg2 Rh3 39. Rf2 Rc5
40. b4 Rd5 41. Re6 Kg7 42. Rxa6 Rh4 43. c3 Rf4 44. Kc2 Kf7 45. Ra1 Ke6 46. Rd1
Rxd1 47. Kxd1 e4 48. Ke2 Rh4 49. fxe4 fxe4 50. Rg2 h6 51. Rg8 1/2-1/2